000 00589nam a2200205Ia 4500
003 GCL
008 140319s9999 xx 000 0 ara d
040 _aGCL /
_cGCL
082 0 4 _a962.06
_bع م
100 1 _aعبدالرحمن الرافعى
245 1 0 _aمقدمات ثورة 23 يولية 1952 /
_cعبدالرحمن الرافعى
260 _a[S.N] :
_bمكتبة النهضة ،
_c1957
300 _a236 ص
490 _a
650 0 4 _aالعصر الحديث
650 0 4 _aمصر
650 0 4 _aالتاريخ
650 0 4 _aثورة 23 يوليو 1952
942 _2ddc
_cBK
999 _c58636
_d58636